Sports Quiz

Random Sports or MLB Quiz

MLB: 500+ RBI in Both Leagues Quiz Stats

 Plays Quiz Updated Jun 14, 2018

Challenge
Share
Tweet
Score 0/15 Timer 06:00
0 Plays Today
RBI (AL/NL) Player: % Correct
1,982 RBI (653/1,329)Albert Pujols
80.2%
1,836 RBI (1,234/602)Ken Griffey Jr.
77.3%
1,812 RBI (744/1,068)Frank Robinson
56.4%
1,707 RBI (1,197/510)Adrian Beltre
55.4%
1,635 RBI (1,112/523)Miguel Cabrera
41.3%
1,833 RBI (1,207/626)Dave Winfield
41%
1,587 RBI (776/811)Carlos Beltran
40.4%
1,676 RBI (534/1,142)Gary Sheffield
38.7%
RBI (AL/NL) Player: % Correct
1,550 RBI (664/886)Fred McGriff
32.6%
1,496 RBI (794/702)Vladimir Guerrero
32.5%
1,244 RBI (507/737)Lee May
24%
1,092 RBI (536/556)Reggie Smith
23.8%
1,159 RBI (538/621)Alfonso Soriano
22.4%
1,363 RBI (587/776)Carlos Lee
17.8%
1,206 RBI (655/551)Ellis Burks
8.2%

You're not logged in!

Compare scores with friends on all Sporcle quizzes.
OR
Log In

You Might Also Like...

Show Comments

Extras

Top Quizzes Today


Score Distribution

Your Account Isn't Verified!

In order to create a playlist on Sporcle, you need to verify the email address you used during registration. Go to your Sporcle Settings to finish the process.

Report this User

Report this user for behavior that violates our Community Guidelines.

Details: